Don't Get a Job...Make a Job / How to Make It as a Creative Graduate (Record no. 3201)
[ view plain ]
| 000 -LEADER | |
|---|---|
| fixed length control field | 01812cam a22001934a 4500 |
| 005 - ΗΜΕΡΟΜΗΝΙΑ ΚΑΙ ΩΡΑ ΤΕΛΕΥΤΑΙΑΣ ΕΝΗΜΕΡΩΣΗΣ | |
| Πεδίο ελέγχου | 20250605164108.0 |
| 008 - FIXED-LENGTH DATA ELEMENTS--GENERAL INFORMATION | |
| Πεδίο ελέγχου σταθερού μήκους | 250528s ||||||||||||||||||||||||d |
| 035 ## - SYSTEM CONTROL NUMBER | |
| System control number | 17801 |
| 020 ## - ISBN | |
| ISBN | 9781780677460 |
| 040 ## - ΠΗΓΗ ΚΑΤΑΛΟΓΟΓΡΑΦΗΣΗΣ | |
| Φορέας πρωτότυπης καταλογογράφησης | MC Athens Campus Library |
| Γλώσσα καταλογογράφησης | Ελληνικά, Μοντέρνα (1453-) |
| Modifying agency | MC Athens Campus Library |
| Κανόνες περιγραφικής καταλογογράφησης | AACR2 |
| 245 1# - ΤΙΤΛΟΣ ΚΑΙ ΔΗΛΩΣΗ ΥΠΕΥΘΥΝΟΤΗΤΑΣ | |
| Τίτλος | Don't Get a Job...Make a Job / How to Make It as a Creative Graduate |
| 260 ## - PUBLICATION, DISTRIBUTION, ETC. | |
| Name of publisher, distributor, etc. | Laurence King Publishing, |
| Date of publication, distribution, etc. | 2016 |
| 300 ## - PHYSICAL DESCRIPTION | |
| Extent | 144 |
| 520 ## - SUMMARY, ETC. | |
| Summary, etc. | This book celebrates the strategies that new generation trailblazers have used to carve out unique routes into the design world, and includes interviews and inspirational advice from well-known international designers who are now enjoying the successes brought about by their own ''make a job'' attitude. Introduction, Propaganda, Put Yourself Out There, Release Early and Release Of the, Advice, Don't Be Daunted by Self Promotion, Going Mobile, Go to the Clients and Don't Make Them Come to You, Go to Guerrilla, Bend the Rules, Advice - You Don't Have to Reinvent the Rules, Specialism vs Diversity, Don't Be Afraid to Experiment, Learn From Your Idols, Repeat and Repeat and Improve and Repeat, Embrace the ''Busyness'', Swim Against the Tide, Question Everything, Advice - Be T-shaped, Tough Calls, Trust Your Instincts, Move Mountains, Advice - Build Best-case Scenarios in Your Imagination, Going It Alone vs Teaming Up, Think ''Original, Don't Run Before You Can Walk, Exploit Your Skills and Interests, Advice - Don't Become a Hermit, Even Within a Team You Need to Be Individual, Feel Your Way, Be True to Yourself, Push and Pull and Test and Tear, Advice - Understand the Value of Collaboration, Gusto, Reinvent Yourself, Create Positive Change, Keep on Learning, Credits and Acknowledgements. |
| 700 1# - ΠΡΟΣΘΕΤΗ ΑΝΑΓΡΑΦΗ--ΦΥΣΙΚΟ ΠΡΟΣΩΠΟ | |
| Personal name | Barton Gem |
| 9 (RLIN) | 4058 |
| 942 ## - ADDED ENTRY ELEMENTS (KOHA) | |
| Koha item type | Books |
| Τύπος τεκμηρίου | Βιβλιοθήκη | Τρέχουσα τοποθεσία | Barcode | Αριθμός εισαγωγής | Ημερομηνία απόκτησης | Ταξιθετικό σύμβολο | Αριθμός αντιτύπου | Κατάσταση απόσυρσης | Κατάσταση χαμένου | Κατάσταση κατεστραμμένου | Μη δανεισμός | Σύνολο δανεισμών | Ημερομηνία τελευταίας εμφάνισης | Η τιμή ισχύει από |
|---|---|---|---|---|---|---|---|---|---|---|---|---|---|---|
| Books | MC Athens Campus Library | MC Athens Campus Library | 9780000032003 | 7194 | 05/06/2025 | 650.140887 BAR | 1 | 05/06/2025 | 05/06/2025 |